| 000 | 00485 a2200169 4500 | ||
|---|---|---|---|
| 003 | OSt | ||
| 005 | 20231107150103.0 | ||
| 008 | 231107b |||||||| |||| 00| 0 eng d | ||
| 020 | _a9789391938048 | ||
| 040 | _coclc | ||
| 082 |
_a920 _bKAK/O |
||
| 100 |
_aKakkad, Haroon _99854 |
||
| 245 |
_aOrmacheppu: Anpathu Maharathannmar / _cHaroon Kakkad |
||
| 260 |
_aKerala: _bYuvatha book house, _c2021. |
||
| 300 | _a227p | ||
| 942 |
_2ddc _cBK _h920 _iKAK/O _k920 _mKAK/O |
||
| 999 |
_c42861 _d42861 |
||